000 00335nam a22001217a 4500
008 171226b xxu||||| |||| 00| 0 eng d
041 _aeng
080 _a574
100 _a9
101 _aMJE
245 _aPOPULATION, ENVIRONEMNT, AND SOCIAL ORGANIZATION: CURRENT ISSUES IN HUMAN ECOLOGY
_cTHE DRYDEN PRESS HINSDALE
942 _2udc
_cBK
999 _c39408
_d39408